| 000 | 00619nam a2200181 i 4500 | ||
|---|---|---|---|
| 001 | 95010 | ||
| 003 | ES-MaACL | ||
| 005 | 20230906181619.0 | ||
| 007 | t| | ||
| 008 | 050519s1971 sp ||||1| spa d | ||
| 100 | 1 |
_aLuisada, Aldo Augusto. _974702 |
|
| 245 | 1 | 0 |
_aFundamento de diagnóstico cardiológico / _cpor Aldo Augusto Luisada y Gurmurkh S. Sainani; traducción José Millá Santos. |
| 260 |
_aBarcelona : _bCientífico-Médica, _c1971. |
||
| 300 |
_aXIX, 260 p. : _bil. ; _c24 cm. |
||
| 700 | 1 |
_aSainani, Gurmurkh S. _9101501 |
|
| 700 | 1 |
_aMillá Santos, José. _981123 |
|
| 852 |
_aES-MaACL _jC-42373 _bR.79123 |
||
| 999 |
_c95010 _d95010 |
||